Central Library OPAC University of Rajshahi

Petroleum geochemistry and geology / (Record no. 43863)

MARC details
000 -LEADER
fixed length control field 00999nam a2200337 i 4500
001 - CONTROL NUMBER
control field 43863
003 - CONTROL NUMBER IDENTIFIER
rucl marc code BD-RJUL
005 - DATE AND TIME OF LATEST TRANSACTION
control field 20211209053750.0
008 - FIXED-LENGTH DATA ELEMENTS--GENERAL INFORMATION
fixed length control field 160628s1979 caua b 001 0 eng
020 ## - INTERNATIONAL STANDARD BOOK NUMBER
International Standard Book Number 0716710056
035 ## - SYSTEM CONTROL NUMBER
System control number MITb10095871
System control number (OCoLC)04665391
System control number 43981
040 ## - CATALOGING SOURCE
Original cataloging agency DLC
Transcribing agency DLC
Modifying agency m.c.
-- MYG
Language of cataloging eng
041 ## - LANGUAGE CODE
Language code of text/sound track or separate title eng
082 ## - DEWEY DECIMAL CLASSIFICATION NUMBER
Edition number 23
Classification number 553.2801
Author mark and year HUP 1979
099 ## - LOCAL FREE-TEXT CALL NUMBER (OCLC)
Bangla Class number TN870.5.H86
100 1# - MAIN ENTRY--PERSONAL NAME
Personal name Hunt, John Meacham.
9 (RLIN) 134792
245 10 - TITLE STATEMENT
Title Petroleum geochemistry and geology /
Statement of responsibility, etc. John M. Hunt.
260 ## - PUBLICATION, DISTRIBUTION, ETC. (IMPRINT)
Place of publication, distribution, etc. San Francisco :
Name of publisher, distributor, etc. W. H. Freeman,
Date of publication, distribution, etc. c1979.
300 ## - PHYSICAL DESCRIPTION
Pagination xx, 617 p. :
Illustrations ill. ;
Size 24 cm.
490 1# - SERIES STATEMENT
Series statement Series of books in geology
500 ## - GENERAL NOTE
General note Includes indexes.
504 ## - BIBLIOGRAPHY, ETC. NOTE
Bibliography, etc Bibliography: p. [555]-595.
650 #0 - SUBJECT ADDED ENTRY--TOPICAL TERM
Topical term or geographic name as entry element Petroleum
General subdivision Geology.
9 (RLIN) 134793
Topical term or geographic name as entry element Natural gas
General subdivision Geology.
9 (RLIN) 134794
Topical term or geographic name as entry element Geochemical prospecting.
9 (RLIN) 134795
830 #0 - SERIES ADDED ENTRY--UNIFORM TITLE
Uniform title Series of books in geology.
942 ## - ADDED ENTRY ELEMENTS (KOHA)
Source of classification or shelving scheme Dewey Decimal Classification
Koha item type Books
Holdings
Lost status Source of classification or shelving scheme Damaged status Not for loan Collection code Permanent Location Current Location Shelving location Date acquired Source of acquisition Cost, normal purchase price Total Checkouts Full call number Date last seen Date checked out Copy number Koha item type
  Dewey Decimal Classification     Non-fiction Central Library, University of Rajshahi Central Library, University of Rajshahi   12/04/1986 Abacus : Dhaka 52.95 1 553.2801 HUP 1979 02/09/2016 24/08/2016 C-2 Books